000 00750nam a2200265Ia 4500
001 Para_3785
003 CHAP
008 220125s1947 xx 000 0 und d
010 _a202306
040 _cCHAP
090 _aPA FOLLETO 1005
100 _aTinley, J. M
_9113365
245 _aThe dairy situation in California /
_c J. M. Tinley
260 _aBerkeley, Cal. :
_b Agricultural Experiment Station
300 _a24 p.
440 _aCalifornia. Agri. Exp. Sta. circular 366
_9167418
650 _aIndustrĂ­a lechera
_x California
_957826
901 _aPA FOLLETO 1005
902 _aA
905 _a0000001947 BER 0000000000 00
910 _a1947
942 _cPARA
942 _cPARA
_d1
999 _c202306
_d202306